<?xml version="1.0" encoding="UTF-8"?>
<record
    xmlns:xsi="http://www.w3.org/2001/XMLSchema-instance"
    xsi:schemaLocation="http://www.loc.gov/MARC21/slim http://www.loc.gov/standards/marcxml/schema/MARC21slim.xsd"
    xmlns="http://www.loc.gov/MARC21/slim">

  <leader>00952nam a22001577a 4500</leader>
  <controlfield tag="003">OSt</controlfield>
  <controlfield tag="005">20160302110334.0</controlfield>
  <controlfield tag="008">160302b        xxu||||| |||| 00| 0 eng d</controlfield>
  <datafield tag="040" ind1=" " ind2=" ">
    <subfield code="c">RUA</subfield>
  </datafield>
  <datafield tag="082" ind1=" " ind2=" ">
    <subfield code="a">VEM HEN 2014 B443 Or.1</subfield>
  </datafield>
  <datafield tag="100" ind1=" " ind2=" ">
    <subfield code="9">7687</subfield>
    <subfield code="a">HENG SOKENG; &#x17A0;&#x17C1;&#x1784; &#x179F;&#x17BB;&#x1781;&#x17A2;&#x17C1;&#x1784;</subfield>
  </datafield>
  <datafield tag="245" ind1=" " ind2=" ">
    <subfield code="a">Study on cholera disease of kakikabel and their antibodies through haemagglutination and haemagglutination inhibito-test at raksmey village, soyoung commune, baray district, kampong thom province; &#x1780;&#x17B6;&#x179A;&#x179F;&#x17B7;&#x1780;&#x17D2;&#x179F;&#x17B6;&#x1796;&#x17B8;&#x1787;&#x17C6;&#x1784;&#x17BA;&#x17A2;&#x17B6;&#x179F;&#x1793;&#x17D2;&#x178F;&#x179A;&#x17C4;&#x1782;&#x179A;&#x1794;&#x179F;&#x17CB;&#x1791;&#x17B6;&#x1796;&#x17BC;&#x1787;&#x1780;&#x17B6;&#x1782;&#x17B8;&#x1780;&#x17B6;&#x1794;&#x17CA;&#x17C2;&#x179B; &#x1793;&#x17B7;&#x1784;&#x17A2;&#x1784;&#x17CB;&#x1791;&#x17B8;&#x1782;&#x17D0;&#x179A;&#x179A;&#x1794;&#x179F;&#x17CB;&#x179C;&#x17B6;&#x178F;&#x17B6;&#x1798;&#x179A;&#x1799;:HA &#x1793;&#x17B7;&#x1784; HI-test &#x1793;&#x17C5;&#x1797;&#x17BC;&#x1798;&#x17B7;&#x179A;&#x179F;&#x17D2;&#x1798;&#x17B8;&#x179A;&#x17C6;&#x178A;&#x17C4;&#x17C7; &#x1783;&#x17BB;&#x17C6;&#x179F;&#x17BC;&#x1799;&#x17C4;&#x1784; &#x179F;&#x17D2;&#x179A;&#x17BB;&#x1780;&#x1794;&#x17B6;&#x179A;&#x17B6;&#x1799;&#x178E;&#x17CF; &#x1781;&#x17C1;&#x178F;&#x17D2;&#x178F;&#x1780;&#x17C6;&#x1796;&#x1784;&#x17CB;&#x1792;&#x17C6;</subfield>
  </datafield>
  <datafield tag="260" ind1=" " ind2=" ">
    <subfield code="a">Phnom Penh</subfield>
    <subfield code="b">RUA</subfield>
    <subfield code="c">2014</subfield>
  </datafield>
  <datafield tag="300" ind1=" " ind2=" ">
    <subfield code="a">x;33p.</subfield>
    <subfield code="b">ill.</subfield>
    <subfield code="c">29cm.</subfield>
  </datafield>
  <datafield tag="942" ind1=" " ind2=" ">
    <subfield code="2">ddc</subfield>
    <subfield code="c">VEM</subfield>
  </datafield>
  <datafield tag="999" ind1=" " ind2=" ">
    <subfield code="c">7292</subfield>
    <subfield code="d">7292</subfield>
  </datafield>
  <datafield tag="952" ind1=" " ind2=" ">
    <subfield code="0">0</subfield>
    <subfield code="1">0</subfield>
    <subfield code="2">ddc</subfield>
    <subfield code="4">0</subfield>
    <subfield code="6">VEM_HEN_2014_000000000000000_B443_OR_1</subfield>
    <subfield code="7">0</subfield>
    <subfield code="9">42855</subfield>
    <subfield code="a">LBB</subfield>
    <subfield code="b">LBB</subfield>
    <subfield code="c">B443</subfield>
    <subfield code="d">2016-03-02</subfield>
    <subfield code="o">VEM HEN 2014 B443 Or.1</subfield>
    <subfield code="p">RUA053745</subfield>
    <subfield code="r">2016-03-02</subfield>
    <subfield code="w">2016-03-02</subfield>
    <subfield code="y">VEM</subfield>
  </datafield>
  <datafield tag="952" ind1=" " ind2=" ">
    <subfield code="0">0</subfield>
    <subfield code="1">0</subfield>
    <subfield code="2">ddc</subfield>
    <subfield code="4">0</subfield>
    <subfield code="6">VEM_HEN_2014_000000000000000_B443_OR_2</subfield>
    <subfield code="7">0</subfield>
    <subfield code="9">42856</subfield>
    <subfield code="a">LBB</subfield>
    <subfield code="b">LBB</subfield>
    <subfield code="c">B443</subfield>
    <subfield code="d">2016-03-02</subfield>
    <subfield code="o">VEM HEN 2014 B443 Or.2</subfield>
    <subfield code="p">RUA053831</subfield>
    <subfield code="r">2016-03-02</subfield>
    <subfield code="w">2016-03-02</subfield>
    <subfield code="y">VEM</subfield>
  </datafield>
  <datafield tag="952" ind1=" " ind2=" ">
    <subfield code="0">0</subfield>
    <subfield code="1">0</subfield>
    <subfield code="2">ddc</subfield>
    <subfield code="4">0</subfield>
    <subfield code="6">VEM_HEN_2014_000000000000000_B443_OR_3</subfield>
    <subfield code="7">0</subfield>
    <subfield code="9">42857</subfield>
    <subfield code="a">LBB</subfield>
    <subfield code="b">LBB</subfield>
    <subfield code="c">B443</subfield>
    <subfield code="d">2016-03-02</subfield>
    <subfield code="o">VEM HEN 2014 B443 Or.3</subfield>
    <subfield code="p">RUA053771</subfield>
    <subfield code="r">2016-03-02</subfield>
    <subfield code="w">2016-03-02</subfield>
    <subfield code="y">VEM</subfield>
  </datafield>
  <datafield tag="952" ind1=" " ind2=" ">
    <subfield code="0">0</subfield>
    <subfield code="1">0</subfield>
    <subfield code="2">ddc</subfield>
    <subfield code="4">0</subfield>
    <subfield code="6">VEM_HEN_2014_000000000000000_B443_OR_4</subfield>
    <subfield code="7">0</subfield>
    <subfield code="9">42858</subfield>
    <subfield code="a">LBB</subfield>
    <subfield code="b">LBB</subfield>
    <subfield code="c">B443</subfield>
    <subfield code="d">2016-03-02</subfield>
    <subfield code="l">1</subfield>
    <subfield code="o">VEM HEN 2014 B443 Or.4</subfield>
    <subfield code="p">RUA053766</subfield>
    <subfield code="r">2023-01-09</subfield>
    <subfield code="s">2022-12-16</subfield>
    <subfield code="w">2016-03-02</subfield>
    <subfield code="y">VEM</subfield>
  </datafield>
  <datafield tag="952" ind1=" " ind2=" ">
    <subfield code="0">0</subfield>
    <subfield code="1">0</subfield>
    <subfield code="2">ddc</subfield>
    <subfield code="4">0</subfield>
    <subfield code="6">VEM_HEN_2014_000000000000000_B443_OR_5</subfield>
    <subfield code="7">0</subfield>
    <subfield code="9">42859</subfield>
    <subfield code="a">LBB</subfield>
    <subfield code="b">LBB</subfield>
    <subfield code="c">B443</subfield>
    <subfield code="d">2016-03-02</subfield>
    <subfield code="o">VEM HEN 2014 B443 Or.5</subfield>
    <subfield code="p">RUA53846</subfield>
    <subfield code="r">2016-03-02</subfield>
    <subfield code="w">2016-03-02</subfield>
    <subfield code="y">VEM</subfield>
  </datafield>
  <datafield tag="952" ind1=" " ind2=" ">
    <subfield code="0">0</subfield>
    <subfield code="1">0</subfield>
    <subfield code="2">ddc</subfield>
    <subfield code="4">0</subfield>
    <subfield code="6">VEM_HEN_2014_000000000000000_B443_OR_6</subfield>
    <subfield code="7">0</subfield>
    <subfield code="9">42860</subfield>
    <subfield code="a">LBB</subfield>
    <subfield code="b">LBB</subfield>
    <subfield code="c">B443</subfield>
    <subfield code="d">2016-03-02</subfield>
    <subfield code="o">VEM HEN 2014 B443 Or.6</subfield>
    <subfield code="p">RUA053527</subfield>
    <subfield code="r">2016-03-02</subfield>
    <subfield code="w">2016-03-02</subfield>
    <subfield code="y">VEM</subfield>
  </datafield>
  <datafield tag="952" ind1=" " ind2=" ">
    <subfield code="0">0</subfield>
    <subfield code="1">0</subfield>
    <subfield code="2">ddc</subfield>
    <subfield code="4">0</subfield>
    <subfield code="6">VEM_HEN_2014_000000000000000_B443_OR_7</subfield>
    <subfield code="7">0</subfield>
    <subfield code="9">42861</subfield>
    <subfield code="a">LBB</subfield>
    <subfield code="b">LBB</subfield>
    <subfield code="c">B443</subfield>
    <subfield code="d">2016-03-02</subfield>
    <subfield code="o">VEM HEN 2014 B443 Or.7</subfield>
    <subfield code="p">RUA53847</subfield>
    <subfield code="r">2016-03-02</subfield>
    <subfield code="w">2016-03-02</subfield>
    <subfield code="y">VEM</subfield>
  </datafield>
  <datafield tag="952" ind1=" " ind2=" ">
    <subfield code="0">0</subfield>
    <subfield code="1">0</subfield>
    <subfield code="2">ddc</subfield>
    <subfield code="4">0</subfield>
    <subfield code="6">VEM_HEN_2014_000000000000000_B443_OR_8</subfield>
    <subfield code="7">0</subfield>
    <subfield code="9">42862</subfield>
    <subfield code="a">LBB</subfield>
    <subfield code="b">LBB</subfield>
    <subfield code="c">B443</subfield>
    <subfield code="d">2016-03-02</subfield>
    <subfield code="o">VEM HEN 2014 B443 Or.8</subfield>
    <subfield code="p">RUA053525</subfield>
    <subfield code="r">2016-03-02</subfield>
    <subfield code="w">2016-03-02</subfield>
    <subfield code="y">VEM</subfield>
  </datafield>
  <datafield tag="952" ind1=" " ind2=" ">
    <subfield code="0">0</subfield>
    <subfield code="1">0</subfield>
    <subfield code="2">ddc</subfield>
    <subfield code="4">0</subfield>
    <subfield code="6">VEM_HEN_2014_000000000000000_B690_OR_1</subfield>
    <subfield code="7">0</subfield>
    <subfield code="9">87347</subfield>
    <subfield code="a">LBB</subfield>
    <subfield code="b">LBB</subfield>
    <subfield code="c">B690</subfield>
    <subfield code="d">2021-11-10</subfield>
    <subfield code="o">VEM HEN 2014 B690 Or.1</subfield>
    <subfield code="p">a067418</subfield>
    <subfield code="r">2021-11-10</subfield>
    <subfield code="w">2021-11-10</subfield>
    <subfield code="y">VEM</subfield>
  </datafield>
</record>
